| 000 | 00584nam a2200229Ia 4500 | ||
|---|---|---|---|
| 003 | OSt | ||
| 005 | 20220608164037.0 | ||
| 008 | 210210b1999 xxu||||| |||| 00| 0 eng d | ||
| 020 | _a81 203 1234 1 | ||
| 040 | _cAL | ||
| 041 | _aeng | ||
| 082 | _a657.42 HORC | ||
| 100 |
_aHORNGREN (Charles T) _941204 |
||
| 245 | _aCost accounting: a managerial emphasis | ||
| 250 | _a9 | ||
| 260 |
_aNew Delhi _bPrentice-Hall of India Private Limited _c1999 |
||
| 300 | _axxvii,1012 | ||
| 690 |
_aCost Accounting _941205 |
||
| 700 |
_aothers. _941206 |
||
| 906 | _a054648 | ||
| 942 |
_2ddc _cBK |
||
| 999 |
_c102037 _d102037 |
||